Information and communication technology (ICT) in Indian higher education sector : (Record no. 84264)

MARC details
000 -LEADER
fixed length control field 00700nam a22001937a 4500
005 - DATE AND TIME OF LATEST TRANSACTION
control field 20140725160740.0
010 ## - LCCN (DPL NO)
LC control number ENG-110010
020 ## - INTERNATIONAL STANDARD BOOK NUMBER
Terms of availability 1100.00
International Standard Book Number 9788188865581
035 ## - SYSTEM CONTROL NUMBER
System control number EN-93543
037 ## - SOURCE OF ACQUISITION
Source of stock number/acquisition DBAD/PUB
082 ## - DEWEY DECIMAL CLASSIFICATION NUMBER
Classification number 378.00285
245 00 - TITLE STATEMENT
Title Information and communication technology (ICT) in Indian higher education sector :
Statement of responsibility, etc edited by Sudhir K. Samantaray
Remainder of title contemporary issues and challenges /
260 ## - PUBLICATION, DISTRIBUTION, ETC. (IMPRINT)
Place of publication, distribution, etc Delhi
Name of publisher, distributor, etc Gagandeep Publications
Date of publication, distribution, etc 2013
270 ## - ADDRESS
Address 212, Krishna Gali No.2, Maujpur
City Delhi
Postal code 110053
300 ## - PHYSICAL DESCRIPTION
Extent xiv,298p.
Dimensions 22cm(Hb)
500 ## - GENERAL NOTE
General note Includes bibliographical references
700 ## - ADDED ENTRY--PERSONAL NAME
Personal name Samantaray, Sudhir K.
942 ## - ADDED ENTRY ELEMENTS (KOHA)
Source of classification or shelving scheme Dewey Decimal Classification
Item type English Books
Call number suffix INF
Classification part 378.00285
Holdings
Withdrawn status Lost status Not for loan Collection code Home library Current library Date acquired Source of acquisition Cost, normal purchase price Full call number Barcode Copy number Cost, replacement price Koha item type
    Not For Loan Non-fiction D.B.Act.Division D.B.Act.Division 15/05/2014 DBAD/PUB 1100.00 378.00285 INF EN-93543 1 1100.00 English Books

© Delhi Public Library
Hit Counter
free hit counter